000 01367nam0a22003251 4500
001 rc\2226887
005 20250623032032.0
035 _a(NLR Aleph) 006543736
090 _a6664857
_c6664857
100 _a20110826d1978 |||y0rusy50 ca
101 1 _arus
_ceng
102 _aRU
105 _aa z |||||
200 1 _aМногоканальные системы. Испытания белым шумом
_e[Пер. с англ.]
_fПод ред. В.С. Ромбро
210 _aМосква
_cСвязь
_d1978
215 _a135 с.
_cил.
_d21
311 _aПеревод изд.: Multichannel communication systems and white noise testing / M.J. Tant. C Marconi instruments, 1974
320 _aБиблиогр.: с. 131-132
454 0 _12001#$aMultichannel communication systems and white noise testing$fM.J. Tant
_1210##$d1974
_1700#1$aTant$bM.J.
_tMultichannel communication systems and white noise testing
_aTant, M.J.
606 _aТелефонные сети, многоканальные
_xПомехоустойчивость
_2psbo
686 _aз883-07...,0
_2rubbk
700 1 _aТант
_bМ.Д.
_gМикаэл Д.
702 1 _aРомбро
_bВ.С.
_4340
801 0 _aRU
_bNLR
_gpsbo
801 1 _aRU
_bELAR
_2rusmarc
852 _aNLR
_j79-5/793
899 _aRuMoRGB
_jБ 78-29/907
899 _aRuMoRGB
_jБ 78-29/908
942 _cBOOK
980 _aNB